| 000 | 00555cam a2200145 4500500 | ||
|---|---|---|---|
| 005 | 20251228073711.0 | ||
| 041 | _afre | ||
| 042 | _adc | ||
| 100 | 1 | 0 |
_aJannot, Jean-René _eauthor |
| 245 | 0 | 0 | _aBriquel Dominique, Les Étrusques, Paris, PUF, « Que sais-je ? », 2005, 1 vol. broché 11,5 × 17,5, 126 p., 1 carte. |
| 260 | _c2005. | ||
| 500 | _a17 | ||
| 786 | 0 | _nRevue archéologique | 40 | 2 | 2005-09-01 | p. 365zo-437zo | 0035-0737 | |
| 856 | 4 | 1 | _uhttps://shs.cairn.info/revue-archeologique-2005-2-page-365zo?lang=fr&redirect-ssocas=7080 |
| 999 |
_c1595743 _d1595743 |
||